<?xml version="1.0" encoding="UTF-8"?>
<record
    xmlns:xsi="http://www.w3.org/2001/XMLSchema-instance"
    xsi:schemaLocation="http://www.loc.gov/MARC21/slim http://www.loc.gov/standards/marcxml/schema/MARC21slim.xsd"
    xmlns="http://www.loc.gov/MARC21/slim">

  <leader>02634nam a22003497a 4500</leader>
  <controlfield tag="005">20110509112938.0</controlfield>
  <datafield tag="010" ind1=" " ind2=" ">
    <subfield code="a">B-425525-533</subfield>
  </datafield>
  <datafield tag="020" ind1=" " ind2=" ">
    <subfield code="a">9780198070672</subfield>
    <subfield code="c">475.00</subfield>
  </datafield>
  <datafield tag="020" ind1=" " ind2=" ">
    <subfield code="a">0198070675</subfield>
    <subfield code="c">475.00</subfield>
  </datafield>
  <datafield tag="035" ind1=" " ind2=" ">
    <subfield code="a">B-425525-533</subfield>
  </datafield>
  <datafield tag="037" ind1=" " ind2=" ">
    <subfield code="b">RBC/VEN</subfield>
  </datafield>
  <datafield tag="082" ind1=" " ind2=" ">
    <subfield code="a">305.560954</subfield>
  </datafield>
  <datafield tag="245" ind1=" " ind2=" ">
    <subfield code="a">India :social development report, 2010 :</subfield>
    <subfield code="b">  the land question and the marginalized /</subfield>
    <subfield code="c">by Council for Social Development (India); edited by Manoranjan Mohanty</subfield>
  </datafield>
  <datafield tag="260" ind1=" " ind2=" ">
    <subfield code="a">New Delhi</subfield>
    <subfield code="b">Oxford University Press</subfield>
    <subfield code="c">2011</subfield>
  </datafield>
  <datafield tag="270" ind1=" " ind2=" ">
    <subfield code="a">YMCA Library Building, Jai Singh Road</subfield>
    <subfield code="b">New Delhi</subfield>
    <subfield code="e">110001</subfield>
  </datafield>
  <datafield tag="300" ind1=" " ind2=" ">
    <subfield code="a">xix,300p.</subfield>
    <subfield code="c">28cm (pbk)</subfield>
  </datafield>
  <datafield tag="650" ind1=" " ind2=" ">
    <subfield code="a">Land reforms</subfield>
    <subfield code="9">28185</subfield>
  </datafield>
  <datafield tag="650" ind1=" " ind2=" ">
    <subfield code="a">Social history</subfield>
    <subfield code="9">28186</subfield>
  </datafield>
  <datafield tag="650" ind1=" " ind2=" ">
    <subfield code="a">Marginality, Social</subfield>
    <subfield code="9">28187</subfield>
  </datafield>
  <datafield tag="700" ind1=" " ind2=" ">
    <subfield code="a">Mohanty, Manoranjan</subfield>
    <subfield code="9">27868</subfield>
  </datafield>
  <datafield tag="942" ind1=" " ind2=" ">
    <subfield code="2">ddc</subfield>
    <subfield code="c">EN</subfield>
    <subfield code="h">305.560954</subfield>
    <subfield code="m">IND</subfield>
  </datafield>
  <datafield tag="999" ind1=" " ind2=" ">
    <subfield code="c">52210</subfield>
    <subfield code="d">52210</subfield>
  </datafield>
  <datafield tag="952" ind1=" " ind2=" ">
    <subfield code="0">0</subfield>
    <subfield code="1">0</subfield>
    <subfield code="4">0</subfield>
    <subfield code="7">0</subfield>
    <subfield code="8">NFIC</subfield>
    <subfield code="a">L</subfield>
    <subfield code="b">L</subfield>
    <subfield code="d">2011-05-19</subfield>
    <subfield code="e">RBC/22493/23.3.11/76/4.3.11/25.3.11</subfield>
    <subfield code="g">475.00</subfield>
    <subfield code="l">0</subfield>
    <subfield code="o">305.560954 IND</subfield>
    <subfield code="p">B-425525</subfield>
    <subfield code="r">2011-05-19 00:00:00</subfield>
    <subfield code="t">1</subfield>
    <subfield code="v">475.00</subfield>
    <subfield code="w">2011-05-19</subfield>
    <subfield code="y">EN</subfield>
  </datafield>
  <datafield tag="952" ind1=" " ind2=" ">
    <subfield code="0">0</subfield>
    <subfield code="1">0</subfield>
    <subfield code="4">0</subfield>
    <subfield code="7">0</subfield>
    <subfield code="8">NFIC</subfield>
    <subfield code="a">BL1</subfield>
    <subfield code="b">BL1</subfield>
    <subfield code="d">2011-05-19</subfield>
    <subfield code="e">RBC/22493/23.3.11/76/4.3.11/25.3.11</subfield>
    <subfield code="g">475.00</subfield>
    <subfield code="l">0</subfield>
    <subfield code="o">305.560954 IND</subfield>
    <subfield code="p">B-425526</subfield>
    <subfield code="r">2011-05-19 00:00:00</subfield>
    <subfield code="t">1</subfield>
    <subfield code="v">475.00</subfield>
    <subfield code="w">2011-05-19</subfield>
    <subfield code="y">EN</subfield>
  </datafield>
  <datafield tag="952" ind1=" " ind2=" ">
    <subfield code="0">0</subfield>
    <subfield code="1">0</subfield>
    <subfield code="4">0</subfield>
    <subfield code="7">0</subfield>
    <subfield code="8">NFIC</subfield>
    <subfield code="a">KGM</subfield>
    <subfield code="b">KGM</subfield>
    <subfield code="d">2011-05-19</subfield>
    <subfield code="e">RBC/22493/23.3.11/76/4.3.11/25.3.11</subfield>
    <subfield code="g">475.00</subfield>
    <subfield code="l">0</subfield>
    <subfield code="o">305.560954 IND</subfield>
    <subfield code="p">B-425527</subfield>
    <subfield code="r">2011-05-19 00:00:00</subfield>
    <subfield code="t">1</subfield>
    <subfield code="v">475.00</subfield>
    <subfield code="w">2011-05-19</subfield>
    <subfield code="y">EN</subfield>
  </datafield>
  <datafield tag="952" ind1=" " ind2=" ">
    <subfield code="0">0</subfield>
    <subfield code="1">5</subfield>
    <subfield code="4">0</subfield>
    <subfield code="7">0</subfield>
    <subfield code="8">NFIC</subfield>
    <subfield code="a">JP</subfield>
    <subfield code="b">JP</subfield>
    <subfield code="d">2011-05-19</subfield>
    <subfield code="e">RBC/22493/23.3.11/76/4.3.11/25.3.11</subfield>
    <subfield code="g">475.00</subfield>
    <subfield code="l">9</subfield>
    <subfield code="m">3</subfield>
    <subfield code="o">305.560954 IND</subfield>
    <subfield code="p">B-425528</subfield>
    <subfield code="r">2018-06-28 00:00:00</subfield>
    <subfield code="s">2013-01-17</subfield>
    <subfield code="t">1</subfield>
    <subfield code="v">475.00</subfield>
    <subfield code="y">EN</subfield>
  </datafield>
  <datafield tag="952" ind1=" " ind2=" ">
    <subfield code="0">0</subfield>
    <subfield code="1">0</subfield>
    <subfield code="4">0</subfield>
    <subfield code="7">0</subfield>
    <subfield code="8">NFIC</subfield>
    <subfield code="a">ZLS</subfield>
    <subfield code="b">ZLS</subfield>
    <subfield code="d">2011-05-19</subfield>
    <subfield code="e">RBC/22493/23.3.11/76/4.3.11/25.3.11</subfield>
    <subfield code="g">475.00</subfield>
    <subfield code="l">0</subfield>
    <subfield code="o">305.560954 IND</subfield>
    <subfield code="p">B-425529</subfield>
    <subfield code="r">2011-05-19 00:00:00</subfield>
    <subfield code="t">1</subfield>
    <subfield code="v">475.00</subfield>
    <subfield code="w">2011-05-19</subfield>
    <subfield code="y">EN</subfield>
  </datafield>
  <datafield tag="952" ind1=" " ind2=" ">
    <subfield code="0">0</subfield>
    <subfield code="1">0</subfield>
    <subfield code="4">0</subfield>
    <subfield code="7">0</subfield>
    <subfield code="8">NFIC</subfield>
    <subfield code="a">VP</subfield>
    <subfield code="b">VP</subfield>
    <subfield code="d">2011-05-19</subfield>
    <subfield code="e">RBC/22493/23.3.11/76/4.3.11/25.3.11</subfield>
    <subfield code="g">475.00</subfield>
    <subfield code="l">2</subfield>
    <subfield code="m">2</subfield>
    <subfield code="o">305.560954 IND</subfield>
    <subfield code="p">B-425530</subfield>
    <subfield code="r">2016-02-19 00:00:00</subfield>
    <subfield code="s">2016-01-22</subfield>
    <subfield code="t">1</subfield>
    <subfield code="v">475.00</subfield>
    <subfield code="w">2011-05-19</subfield>
    <subfield code="y">EN</subfield>
  </datafield>
  <datafield tag="952" ind1=" " ind2=" ">
    <subfield code="0">0</subfield>
    <subfield code="1">0</subfield>
    <subfield code="4">0</subfield>
    <subfield code="7">0</subfield>
    <subfield code="8">NFIC</subfield>
    <subfield code="a">BL3</subfield>
    <subfield code="b">BL3</subfield>
    <subfield code="d">2011-05-19</subfield>
    <subfield code="e">RBC/22493/23.3.11/76/4.3.11/25.3.11</subfield>
    <subfield code="g">475.00</subfield>
    <subfield code="l">0</subfield>
    <subfield code="o">305.560954 IND</subfield>
    <subfield code="p">B-425531</subfield>
    <subfield code="r">2011-05-19 00:00:00</subfield>
    <subfield code="t">1</subfield>
    <subfield code="v">475.00</subfield>
    <subfield code="w">2011-05-19</subfield>
    <subfield code="y">EN</subfield>
  </datafield>
  <datafield tag="952" ind1=" " ind2=" ">
    <subfield code="0">0</subfield>
    <subfield code="1">0</subfield>
    <subfield code="4">0</subfield>
    <subfield code="7">0</subfield>
    <subfield code="8">NFIC</subfield>
    <subfield code="a">NR</subfield>
    <subfield code="b">NR</subfield>
    <subfield code="d">2011-05-19</subfield>
    <subfield code="e">RBC/22493/23.3.11/76/4.3.11/25.3.11</subfield>
    <subfield code="g">475.00</subfield>
    <subfield code="l">0</subfield>
    <subfield code="o">305.560954 IND</subfield>
    <subfield code="p">B-425532</subfield>
    <subfield code="r">2011-05-19 00:00:00</subfield>
    <subfield code="t">1</subfield>
    <subfield code="v">475.00</subfield>
    <subfield code="w">2011-05-19</subfield>
    <subfield code="y">EN</subfield>
  </datafield>
  <datafield tag="952" ind1=" " ind2=" ">
    <subfield code="0">0</subfield>
    <subfield code="1">0</subfield>
    <subfield code="4">0</subfield>
    <subfield code="7">0</subfield>
    <subfield code="8">NFIC</subfield>
    <subfield code="a">BL4</subfield>
    <subfield code="b">BL4</subfield>
    <subfield code="d">2011-05-19</subfield>
    <subfield code="e">RBC/22493/23.3.11/76/4.3.11/25.3.11</subfield>
    <subfield code="g">475.00</subfield>
    <subfield code="l">0</subfield>
    <subfield code="o">305.560954 IND</subfield>
    <subfield code="p">B-425533</subfield>
    <subfield code="r">2011-05-19 00:00:00</subfield>
    <subfield code="t">1</subfield>
    <subfield code="v">475.00</subfield>
    <subfield code="w">2011-05-19</subfield>
    <subfield code="y">EN</subfield>
  </datafield>
</record>
